Las bases para una reformulación del estatuto del "comerciante" y su reemplazo por los nuevos obligados contables, en la actual codificación (Registro nro. 12205)

Detalles MARC
000 -LEADER
fixed length control field 00406 a2200109 4500
001 - CONTROL NUMBER
control field ART_40742
005 - DATE AND TIME OF LATEST TRANSACTION
control field 20260410161628.0
008 - FIXED-LENGTH DATA ELEMENTS--GENERAL INFORMATION
fixed length control field 260409a
100 1# - MAIN ENTRY--PERSONAL NAME
Personal name Papa, Rodolfo G.
245 10 - TITLE STATEMENT
Title Las bases para una reformulación del estatuto del "comerciante" y su reemplazo por los nuevos obligados contables, en la actual codificación
773 0# - HOST ITEM ENTRY
Title Enfoques
Related parts - Nº 10 (oct. 2016)
Record control number REV416

No hay ítems disponibles.